Largest Immigrant Group of Every Country - Statistics

General Stats
  • This quiz has been taken 46 times
  • The average score is 90 of 198
Answer Stats
Country Number Answer % Correct
Afghanistan 69,788 Pakistan
89%
Andorra 23,577 Spain
86%
Albania 28,166 Greece
75%
Belarus 672,481 Russia
75%
Austria 241,266 Germany
71%
Canada 866,951 India
71%
Azerbaijan 129,242 Armenia
68%
Armenia 187,421 Azerbaijan
68%
Bangladesh 907,426 Myanmar
68%
Australia 1,171,185 United Kingdom
68%
Cambodia 39,098 Vietnam
68%
Croatia 363,041 Bosnia and Herzegovina
64%
Cyprus 25,031 Greece
64%
Bhutan 46,974 India
64%
Malaysia 1,761,502 Indonesia
64%
Brunei 52,628 Malaysia
64%
Mexico 823,502 United States
64%
France 1,405,235 Algeria
61%
India 2,293,959 Bangladesh
61%
Bosnia and Herzegovina 11,956 Croatia
61%
Burundi 199,585 Democratic Republic of the Congo
61%
Angola 93,210 Democratic Republic of the Congo
61%
Monaco 7,938 France
61%
Germany 1,883,559 Poland
61%
Estonia 121,354 Russia
61%
Latvia 107,529 Russia
61%
Lithuania 54,490 Russia
61%
Liechtenstein 15,441 Switzerland
61%
Ireland 293,559 United Kingdom
61%
Brazil 278,304 Venezuela
61%
Colombia 2,904,873 Venezuela
61%
Mongolia 12,085 China
57%
North Korea 29,940 China
57%
Republic of the Congo 168,387 Democratic Republic of the Congo
57%
Nepal 412,190 India
57%
Indonesia 161,013 Malaysia
57%
Costa Rica 423,401 Nicaragua
57%
Hungary 253,045 Romania
57%
Georgia 38,308 Russia
57%
Kazakhstan 552,258 Russia
57%
Eswatini 12,870 South Africa
57%
Lesotho 5,964 South Africa
57%
Egypt 500,000 Sudan
57%
Lebanon 784,884 Syria
57%
Benin 113,502 Togo
57%
Moldova 143,623 Ukraine
57%
Botswana 64,301 Zimbabwe
57%
Iran 3,752,317 Afghanistan
54%
Kosovo 14,615 Albania
54%
Bolivia 47,601 Argentina
54%
Bahrain 306,551 Bangladesh
54%
South Korea 756,684 China
54%
Burkina Faso 562,117 Côte d'Ivoire
54%
Northern Cyprus 90,000~ Cyprus
54%
Belize 26,767 Guatemala
54%
Dominican Republic 535,116 Haiti
54%
San Marino 5,000 Italy
54%
United States 11,279,561 Mexico
54%
Ukraine 3,375,095 Russia
54%
Ethiopia 443,743 South Sudan
54%
Chad 372,594 Sudan
54%
Iraq 258,068 Syria
54%
Poland 1,102,774 Ukraine
54%
Russia 2,872,612 Ukraine
54%
Malta 54,739 United Kingdom
54%
Pakistan 1,923,453 Afghanistan
50%
Greece 474,441 Albania
50%
Maldives 43,282 Bangladesh
50%
Paraguay 85,207 Brazil
50%
Côte d'Ivoire 1,820,882 Burkina Faso
50%
Japan 823,788 China
50%
Democratic Republic of the Congo 368,125 Central African Republic
50%
Cameroon 303,005 Central African Republic
50%
Honduras 9,234 El Salvador
50%
Switzerland 371,816 Germany
50%
Bahamas 29,629 Haiti
50%
Qatar 736,955 India
50%
Sri Lanka 10,957 India
50%
United Kingdom 1,044,779 India
50%
Palestine 62,857 Israel
50%
Singapore 1,533,249 Malaysia
50%
Guinea 43,694 Mali
50%
Spain 1,088,408 Morocco
50%
Argentina 517,429 Paraguay
50%
Kyrgyzstan 106,559 Russia
50%
Gambia 145,276 Senegal
50%
Djibouti 99,940 Somalia
50%
Eritrea 1,937 Somalia
50%
Sudan 1,507,976 South Sudan
50%
South Sudan 608,817 Sudan
50%
Türkiye 3,563,983 Syria
50%
Ecuador 487,871 Venezuela
50%
Guyana 40,545 Venezuela
50%
Panama 182,386 Venezuela
50%
Peru 1,596,667 Venezuela
50%
Laos 21,400 Vietnam
50%
Fiji 1,979 Australia
46%
Serbia 277,641 Bosnia and Herzegovina
46%
Montenegro 31,869 Bosnia and Herzegovina
46%
Guatemala 22,750 El Salvador
46%
Suriname 14,720 Guyana
46%
El Salvador 12,039 Honduras
46%
Kuwait 1,231,094 India
46%
Papua New Guinea 13,638 Indonesia
46%
Comoros 9,569 Madagascar
46%
Niger 199,722 Nigeria
46%
Jordan 2,379,525 Palestine
46%
Bulgaria 32,789 Russia
46%
Tajikistan 235,636 Russia
46%
Uzbekistan 865,767 Russia
46%
Kenya 401,953 Somalia
46%
Czechia 515,214 Ukraine
46%
Romania 182,364 Ukraine
46%
New Zealand 254,524 United Kingdom
46%
South Africa 1,072,620 Zimbabwe
46%
North Macedonia 68,356 Albania
43%
Namibia 42,539 Angola
43%
Oman 737,087 Bangladesh
43%
Saudi Arabia 2,362,680 Bangladesh
43%
Venezuela 875,552 Colombia
43%
Rwanda 236,385 Democratic Republic of the Congo
43%
Mauritius 8,855 India
43%
United Arab Emirates 3,248,545 India
43%
Timor-Leste 4,066 Indonesia
43%
Mauritania 122,945 Mali
43%
Belgium 227,813 Morocco
43%
Thailand 1,708,695 Myanmar
43%
Italy 880,402 Romania
43%
Turkmenistan 74,157 Russia
43%
Guinea-Bissau 7,634 Senegal
43%
Cuba 357 Spain
43%
Ghana 115,972 Togo
43%
Netherlands 217,388 Türkiye
43%
Jamaica 6,452 United States
43%
Chile 444,618 Venezuela
43%
Nigeria 404,468 Benin
39%
Myanmar 36,301 China
39%
Gabon 94,354 Equatorial Guinea
39%
Somalia 28,964 Ethiopia
39%
Central African Republic 20,695 Sudan
39%
Sweden 243,388 Syria
39%
Slovakia 122,257 Ukraine
39%
Portugal 201,961 Angola
36%
Uruguay 42,578 Argentina
36%
Togo 72,863 Benin
36%
Vietnam 83,887 China
36%
Samoa 1,534 American Samoa / United States
36%
Morocco 41,301 France
36%
Liberia 22,216 Guinea
36%
Cabo Verde 5,330 Guinea-Bissau
36%
Dominica 2,585 Haiti
36%
Nicaragua 13,606 Honduras
36%
Philippines 19,801 India
36%
Seychelles 6,735 India
36%
Tunisia 10,180 Libya
36%
Malawi 39,156 Mozambique
36%
China 367,052 Myanmar
36%
Yemen 285,211 Somalia
36%
Finland 63,352 Ukraine
36%
Marshall Islands 1,446 United States
36%
Madagascar 13,199 Comoros
32%
Zambia 67,171 Democratic Republic of the Congo
32%
Slovenia 136,576 Bosnia and Herzegovina
32%
Senegal 54,779 Guinea
32%
Sierra Leone 33,542 Guinea
32%
Zimbabwe 126,753 Mozambique
32%
Syria 615,119 Palestine
32%
Denmark 49,767 Poland
32%
Luxembourg 86,893 Portugal
32%
Trinidad and Tobago 34,543 Venezuela
32%
Mali 219,185 Côte d'Ivoire
29%
Israel 190,607 Morocco
29%
Solomon Islands 538 Papua New Guinea
29%
Palau 3,095 Philippines
29%
Norway 111,728 Poland
29%
Uganda 923,658 South Sudan
29%
Haiti 2,579 Venezuela
29%
Vanuatu 677 Australia
25%
Tanzania 241,069 Burundi
25%
Mozambique 65,284 Malawi
25%
Iceland 31,868 Poland
25%
Taiwan 292,830 Indonesia
21%
Micronesia 292 Palau
21%
Libya 322,909 Palestine
21%
Grenada 2,331 Trinidad and Tobago
21%
Tonga 450 Fiji
18%
Equatorial Guinea 5,917 France
18%
São Tomé and Príncipe 1,115 Cabo Verde
14%
Barbados 6,667 Guyana
14%
Kiribati 1,675 Nauru
14%
Western Sahara 1,899 Senegal
14%
Algeria 168,862 Western Sahara
14%
Antigua and Barbuda 7,064 Guyana
11%
Saint Kitts and Nevis 829 Guyana
11%
Saint Lucia 2,045 Guyana
11%
Tuvalu 64 Kiribati
11%
Saint Vincent and the Grenadines 1,029 Trinidad and Tobago
11%
Nauru 412 Iran
0%
No matching quizzes found
Score Distribution
Percent of People with Each Score
Percentile by Number Answered
Your Score History
You have not taken this quiz